Formación de la Afectividad, 6
Gespeichert in:
| 1. Verfasser: | |
|---|---|
| Weitere Verfasser: | |
| Format: | Buch |
| Sprache: | Spanisch |
| Veröffentlicht: |
Bogotá, Colombia
Educar Editores
2000
|
| Schriftenreihe: | Serie de Educación Sexual: Educación Básica
|
| Schlagworte: | |
| Tags: |
Tag hinzufügen
Keine Tags, Fügen Sie den ersten Tag hinzu!
|
MARC
| LEADER | 00000nam a2200000 a 4500 | ||
|---|---|---|---|
| 001 | UCH8041 | ||
| 003 | CL-VaPUC | ||
| 005 | 20240930160403.0 | ||
| 008 | 091127e20000000ck |||||||||||||||||spa|d | ||
| 999 | |c 338305 |d 338303 | ||
| 020 | |a 9580506825 serie | ||
| 020 | |a 9580506833 | ||
| 040 | |c Pontificia Universidad Católica de Valparaíso | ||
| 082 | 0 | 4 | |a 241.4 BAQ 2000 |2 21 |
| 100 | 0 | |a Baquero Vizcaíno, Gladys |9 544432 | |
| 245 | 1 | 0 | |a Formación de la Afectividad, 6 |
| 260 | 0 | 3 | |a Bogotá, Colombia |b Educar Editores |c 2000 |
| 300 | |a 71 páginas. | ||
| 490 | 0 | |a Serie de Educación Sexual: Educación Básica | |
| 583 | |k Rodrigo Vera |c 20201208 | ||
| 650 | 0 | |a Educación |9 258661 | |
| 650 | 7 | |a EDUCACION CRISTIANA |2 CL-VaPUC |9 308333 | |
| 650 | 0 | |a Educación sexual |9 308005 | |
| 650 | 7 | |a NOVIAZGO |2 CL-VaPUC |9 400124 | |
| 650 | 0 | |a Adolescencia |9 307361 | |
| 650 | 0 | |a Sexualidad |9 358183 | |
| 650 | 0 | |a Prostitución |9 344312 | |
| 650 | 0 | |a Drogadicción |9 331967 | |
| 650 | 0 | |a Aborto |9 256680 | |
| 650 | 0 | |a Anticonceptivos |9 380147 | |
| 700 | 0 | |a Vitola Beltrán, Alvaro |9 544433 | |
| 942 | |c BK |2 ddc | ||
| 945 | |d 20091127 00:00:00 |a lazolas | ||